Hiragana to Romaji 2.0 - Statistics

General Stats
  • This quiz has been taken 516 times
  • The average score is 34 of 47
Answer Stats
Hiragana Romaji % Correct
ka
87%
a
85%
ku
85%
n
85%
o
85%
u
85%
i
84%
su
84%
sa
83%
shi
83%
ma
82%
ha
81%
ta
81%
he
80%
no
80%
te
80%
e
79%
fu
79%
hi
79%
ki
79%
ri
79%
ya
79%
yo
79%
ko
78%
se
78%
to
78%
chi
77%
mo
77%
na
77%
ni
77%
tsu
77%
wa
77%
yu
77%
go
76%
mu
76%
nu
76%
bi
75%
gi
75%
me
75%
za
75%
ru
74%
ga
73%
gu
73%
ke
73%
mi
73%
ze
73%
zu
73%
de
72%
ho
72%
pe
72%
ra
72%
so
72%
wo
72%
da
71%
pu
71%
re
71%
ro
71%
bo
70%
do
70%
ne
70%
be
69%
zo
69%
bu
68%
pi
68%
ge
67%
ba
66%
po
66%
pa
65%
zu
57%
ji
56%
zi
43%
we
28%
wi
21%
No matching quizzes found
Score Distribution
Percent of People with Each Score
Percentile by Number Answered
Your Score History
You have not taken this quiz